书目信息 |
| 题名: |
建筑工程施工计划编制和管理
|
|
| 作者: | 张玉祥 编著 | |
| 分册: | ||
| 出版信息: | 北京 机械工业出版社 2005 |
|
| 页数: | 254页 | |
| 开本: | 26cm | |
| 丛书名: | ||
| 单 册: | ||
| 中图分类: | TU72 | |
| 科图分类: | ||
| 主题词: | 建筑工程--jian zhu gong cheng--施工计划--编制 , 建筑工程--jian zhu gong cheng--施工计划--施工管理 | |
| 电子资源: | ||
| ISBN: | 7-111-17138-1 | |
| 000 | 00987nam0 2200241 450 | |
| 001 | 012006563078 | |
| 005 | 20060119084631.37 | |
| 010 | @a7-111-17138-1@dCNY29.00 | |
| 100 | @a20060119d2005 km y0chiy0120 ea | |
| 101 | 0 | @achi |
| 102 | @aCN@b110000 | |
| 105 | @aak a 000yy | |
| 200 | 1 | @a建筑工程施工计划编制和管理@Ajian zhu gong cheng shi gong ji hua bian zhi he guan li@f张玉祥编著@Fzhang yu xiang bian zhu |
| 210 | @a北京@c机械工业出版社@d2005 | |
| 215 | @a254页@c图@d26cm | |
| 320 | @a有书目。 | |
| 330 | @a本书共七章。前两章介绍计划编制的基础工作,包括施工方法、施工方案的选择和各项计划数据的计算;第三、四章为常用的横道图计划和网络计划;第五章介绍时空进度计划;第六章为总施工计划编制的几个例子;第七章简述了施工计划管理。 | |
| 606 | 0 | @a建筑工程@Ajian zhu gong cheng@x施工计划@x编制 |
| 606 | 0 | @a建筑工程@Ajian zhu gong cheng@x施工计划@x施工管理 |
| 690 | @aTU72@v4 | |
| 701 | 0 | @a张玉祥@Azhang yu xiang@4编著 |
| 801 | 0 | @aCN@bQSSK@c20060119 |
| 905 | @a10447@dTU72@eZ237 | |
| 建筑工程施工计划编制和管理/张玉祥编著.-北京:机械工业出版社,2005 |
| 254页:图;26cm |
| ISBN 7-111-17138-1:CNY29.00 |
| 本书共七章。前两章介绍计划编制的基础工作,包括施工方法、施工方案的选择和各项计划数据的计算;第三、四章为常用的横道图计划和网络计划;第五章介绍时空进度计划;第六章为总施工计划编制的几个例子;第七章简述了施工计划管理。 |
| ● |
| 相关链接 |
|
|
|
正题名:建筑工程施工计划编制和管理
索取号:TU72/Z237
 
预约/预借
| 序号 | 登录号 | 条形码 | 馆藏地/架位号 | 状态 | 备注 |
| 1 | 579453 | 205794531 | 建筑库201/201建筑库 27排3列1层/ [索取号:TU72/Z237] | 在馆 | |
| 2 | 579454 | 205794540 | 建筑库201/201建筑库 27排3列1层/ [索取号:TU72/Z237] | 在馆 | |
| 3 | 579455 | 205794559 | 建筑库201/201建筑库 27排3列1层/ [索取号:TU72/Z237] | 在馆 |